| 000 | 00000nam##2200000za#4500 |
| 001 | 9.684169 |
| 003 | CaOODSP |
| 005 | 20210615134029 |
| 007 | ta |
| 008 | 150407|2008||||xxc||||| f|0| 0 fre|d |
| 020 | |a978-0-662-08463-1 |
| 040 | |aCaOODSP|bfre |
| 043 | |an-cn--- |
| 086 | 1 |aFs114-12/2008F |
| 110 | 1 |aCanada. |bMinistère des pêches et des océans. |
| 245 | 10|aFondule barré : |bpopulation de Terre-Neuve-et-Labrador |
| 260 | |aSt. John's - Terre-Neuve et Labrador : |bPêches et Océans Canada |c[2008]. |
| 300 | |a[2]p. : |bcarte en couleur, ill., photographies ; |c28 cm. |
| 563 | |aDépliant |
| 590 | |a09-16|b2009-04-17 |
| 691 | 07|aPoisson|2gcpds |
| 775 | 08|tBanded Killifish : |w(CaOODSP)9.651118 |
| 776 | 0#|tFondule barré : |w(CaOODSP)9.635162 |
| 986 | |aDFO/2008-1442 |